| 000 | 01107cam a2200313 a 4500 | ||
|---|---|---|---|
| 001 | 4963589 | ||
| 003 | ARRUPE | ||
| 005 | 20211007091108.0 | ||
| 008 | 971031s1998 coua b 001 0 eng | ||
| 010 | _a 97032752 | ||
| 020 | _a1555876730 (alk. paper) | ||
| 040 |
_aDLC _cDLC _dDLC |
||
| 043 | _af------ | ||
| 050 | 0 | 0 |
_aJQ1879.A15 _bR44 1998 |
| 082 | 0 | 0 |
_a320.96 _221 |
| 100 | 1 |
_aReno, William, _d1962- _950303 |
|
| 245 | 1 | 0 |
_aWarlord politics and African states / _cWilliam Reno. |
| 246 | 1 | 8 | _aWarlord politics & African states |
| 260 |
_aBoulder : _bLynne Rienner Publishers, _c1998. |
||
| 300 |
_axii, 257 p. : _bill. ; _c24 cm. |
||
| 504 | _aIncludes bibliographical references (p. 233-249) and index. | ||
| 650 | 0 |
_aPolitical stability _zAfrica. _950304 |
|
| 650 | 0 |
_aPower (Social sciences) _zAfrica. _96383 |
|
| 650 | 0 |
_aPost-communism. _946949 |
|
| 651 | 0 |
_aAfrica _xPolitics and government _y1960- |
|
| 906 |
_a7 _bcbc _corignew _d1 _eocip _f19 _gy-gencatlg |
||
| 942 |
_2lcc _cMONOGRAPH |
||
| 999 |
_c130693 _d130693 |
||